00359cam a22000977a 4500008004000000082002100040100006800061245007000129260005000199300001200249180718b1934 xxu||||| |||| 00| 0 eng d aC0x54073 Un3j/33 aUnited Kingdom. Joint Committee on Indian Constitutional Reform aJoint Committee on Indian Constitutional Reform (session 1933-34) aLondonbHer Majesty's Stationery Officec1934 a2 vols.